[Event "Dortmund Sparkassen op-B"]
[Site "Dortmund"]
[Date "2006.08.02"]
[Round "5"]
[White "Stock, Philipp"]
[Black "Driesner, Norbert"]
[Result "0-1"]
[WhiteElo "1081"]
[BlackElo "1450"]
[PlyCount "62"]
[EventDate "2006.07.28"]
[EventType "swiss"]
[EventRounds "9"]
[EventCountry "GER"]
[SourceTitle "CBM 113 Extra"]
[Source "ChessBase"]
[SourceDate "2006.09.14"]
[SourceVersion "1"]
[SourceVersionDate "2006.09.14"]
[SourceQuality "1"]

1. e4 e5 2. d4 exd4 3. c3 dxc3 4. Bc4 d6 5. e5 cxb2 6. Bxb2 Qh4 7. Qa4+ Kd8 8. exd6 cxd6 9. Nd2 d5 10. Qa5+ b6 11. Qxd5+ Ke8 12. Qxf7+ Kd8 13. Qxf8+ Kd7 14. Qxg7+ Qe7+ 15. Qxe7+ Nxe7 16. Bxh8 Bb7 17. Ngf3 Nbc6 18. Bf6 Nf5 19. 0-0 Rf8 20. Bc3 Nce7 21. Ne5+ Kc7 22. Bb4 Re8 23. Bb5 Rg8 24. Rac1+ Kb8 25. Nd7+ Ka8 26. Ne4 Bxe4 27. Nf6 Rxg2+ 28. Kh1 Bf3 29. h3 Rxf2+ 30. Kg1 Rg2+ 31. Kh1 Ng3# 0-1

[Event "Dortmund Sparkassen op-B"]
[Site "Dortmund"]
[Date "2006.07.28"]
[Round "2"]
[White "Stock, Philipp"]
[Black "Rohovoy, Dimitrij"]
[Result "0-1"]
[WhiteElo "1081"]
[BlackElo "1500"]
[PlyCount "92"]
[EventDate "2006.07.28"]
[EventType "swiss"]
[EventRounds "9"]
[EventCountry "GER"]
[SourceTitle "CBM 113 Extra"]
[Source "ChessBase"]
[SourceDate "2006.09.14"]
[SourceVersion "1"]
[SourceVersionDate "2006.09.14"]
[SourceQuality "1"]

1. e4 c5 2. d4 cxd4 3. c3 d3 4. Bxd3 Nc6 5. Nf3 d6 6. 0-0 Nf6 7. Nbd2 e6 8. Nc4 Be7 9. e5 dxe5 10. Nfxe5 Nxe5 11. Nxe5 0-0 12. Bg5 h6 13. Bxf6 Bxf6 14. Re1 Qc7 15. Qh5 Bxe5 16. Rxe5 b6 17. Rg5 f6 18. Qg6 fxg5 19. Qh7+ Kf7 20. Qg6+ Ke7 21. Qxg7+ Rf7 22. Qxh6 Qf4 23. f3 Qf6 24. Qh5 Bd7 25. Qg4 e5 26. Qb4+ Qd6 27. Qe4 Re8 28. Rd1 Bf5 29. Qb7+ Kf8 30. Qa6 Bxd3 31. Rxd3 Qc5+ 32. Kf1 e4 33. b4 Qe7 34. Re3 Qd8 35. Qe2 exf3 36. Rxe8+ Qxe8 37. Qxe8+ Kxe8 38. g3 Rh7 39. Kf2 Rxh2+ 40. Kxf3 Rxa2 41. Ke3 Rc2 42. Kd3 Rg2 43. c4 Rxg3+ 44. Kd4 Kd7 45. c5 bxc5+ 46. bxc5 Kc6 0-1